| 000 | 00803cam a2200229 i 4500 | ||
|---|---|---|---|
| 003 | SA-RiAUC | ||
| 005 | 20250702071135.0 | ||
| 008 | 250603s1998 su g 000r0 ara c | ||
| 040 |
_aSA-RiAUC _bara _cSA-RiAUC _erda |
||
| 082 | 0 | 4 | _a253.9003 |
| 090 |
_a253.9003 _bا ب و غ |
||
| 100 | 1 |
_aأبو غدة، عبد الستار، _d1940-2020 _eمؤلف. |
|
| 245 | 1 | 2 |
_aالإجارة / _cعبد الستار أبو غدة. |
| 264 | 1 |
_aجدة : _bمجموعة دلة البركة، قطاع الأموال، _c[1998] |
|
| 300 |
_a195 صفحة ؛ _c25 سم |
||
| 336 |
_aنص _btxt _2rdacontent _3كتاب |
||
| 337 |
_aبدون وسيط _bn _2rdamedia |
||
| 338 |
_aمجلد _bnc _2rdacarrier |
||
| 650 | 7 |
_aالإجارة _2aucsh |
|
| 942 |
_2ddc _cBOOK _n0 |
||
| 949 |
_aSA-JeALM _d250603 _umohamedma123 _n1 |
||
| 999 |
_c9411 _d9411 |
||